| 000 | 03724nam a22003497a 4500 | ||
|---|---|---|---|
| 003 | OSt | ||
| 005 | 20260416191852.0 | ||
| 008 | 260408t2011 xxu||||| |||| 00| 0 spa d | ||
| 020 | _a9788445820667 | ||
| 040 |
_aUnicoc _bspa _c00001 _d00001 |
||
| 082 | _a616.8046 | ||
| 100 |
_912865 _aBruna, Olga |
||
| 245 |
_aRehabilitación neuropsicológica _b: Intervención y práctica clínica _c/ Olga Bruna |
||
| 250 | _a1 Ed. | ||
| 260 |
_aEspaña : _bElsevier , _c2011 |
||
| 300 |
_a579 páginas _bIncluye Ilustraciones, gráficas, cuadros |
||
| 500 | _aIncluye Índice y Referencias bibliográficas | ||
| 505 |
_tParte 1. Fundamentos de rehabilitación neuropsicológica. -- _tCapítulo 1. Principios de rehabilitación neuropsicológica. -- _tCapítulo 2. Técnicas de neuroimagen en neuropsicología clínica y rehabilitación neuropsicológica. -- _tParte 2. Funciones cognitivas y rehabilitación neuropsicológica. -- _tCapítulo 3. Atención y concentración. -- _tCapítulo 4. Memoria. -- _tCapítulo 5. Lenguaje, afasias y trastornos de la comunicación. -- _tCapítulo 6. Apraxias y agnosias. -- _tCapítulo 7. Funciones ejecutivas. -- _tCapítulo 8. Tecnologías aplicadas a la rehabilitación neuropsicológica. -- _tCapítulo 9. Psicología de la rehabilitación. -- _tParte 3. Rehabilitación neuropsicológica en la práctica clínica. -- _tCapítulo 10. Traumatismos craneoencefálicos. -- _tCapítulo 11. Accidentes vasculares cerebrales o ictus. -- _tCapítulo 12. Esclerosis múltiple. -- _tCapítulo 13. Esquizofrenia. -- _tCapítulo 14. Evaluación y rehabilitación neuropsicológica infantil. -- _tCapítulo 15. Tratamiento de los trastornos emocionales y de la conducta en pacientes con daño cerebral. -- _tParte 4. Intervención neuropsicológica en el envejecimiento y las demencias. -- _tCapítulo 16. Neuropsicología del envejecimiento y las demencias. -- _tCapítulo 17. Deterioro cognitivo leve. -- _tCapítulo 18. Demencias y enfermedad de Alzheimer. -- _tCapítulo 19. Intervención de la memoria en el envejecimiento y las demencias. -- _tCapítulo 20. Intervención comunicativa y lingüística en el envejecimiento. -- _tCapítulo 21. Tratamiento de los trastornos afectivos y conductuales en el envejecimiento. -- _tCapítulo 22. Tratamiento de los trastornos emocionales y del comportamiento en las demencias. -- _tCapítulo 23. El modelo de la atención centrada en la persona en el ámbito de la demencia. -- _tParte 5. Aspectos asistenciales, éticos y legales. -- _tCapítulo 24. La familia en el proceso de rehabilitación neuropsicológica. -- _tCapítulo 25. La rehabilitación profesional de afectados por daño cerebral traumático. -- _tCapítulo 26. Atención a la familia y trabajo interdisciplinar en el envejecimiento y las demencias. -- _tCapítulo 27. Neuropsicología forense. -- _tCapítulo 28. La corresponsabilidad social en la atención a las personas mayores: un reto ético. -- _tCapítulo 29. Aspectos legales y de tutela. -- _tCapítulo 30. Discapacidad y calidad de vida. |
||
| 526 | _5Unicoc | ||
| 546 | _aEspañol | ||
| 650 | 0 |
_97718 _aNeuropsicología clínica |
|
| 650 | 0 |
_99924 _aDaño cerebral _xRehabilitación |
|
| 650 | 0 |
_99922 _aTrastornos cognitivos _xRehabilitación |
|
| 650 | 0 |
_97719 _aEnfermedad de Alzheimer _xRehabilitación |
|
| 658 | 0 |
_910741 _aPrograma de Psicología |
|
| 700 |
_912866 _aRoig, Teresa |
||
| 700 |
_912867 _aPuyuelo, Miguel |
||
| 700 |
_912868 _aJunqué, Carme |
||
| 700 |
_912869 _aRuano, Ángel |
||
| 856 |
_yAcceso online exclusivo para comunidad Unicoc. _uhttps://unicoceduco-my.sharepoint.com/:b:/g/personal/direccionbiblioteca_unicoc_edu_co/IQAU0vcNIYeETKDV4OWHw8kNAXveCOXiyov2EFnD-_L2Dl4 |
||
| 942 |
_2ddc _cEBOOK |
||
| 999 |
_c10819 _d10819 |
||